Eminent Thinkers in India and Pakistan (Record no. 6447)

MARC details
000 -LEADER
fixed length control field 00595nam a2200241 a 4500
020 ## - INTERNATIONAL STANDARD BOOK NUMBER
ISBN 8170952
082 00 - DEWEY DECIMAL CLASSIFICATION NUMBER
Classification number 320.5
Author Cutter BAR
100 ## - MAIN ENTRY--AUTHOR NAME
Author name Barua, B P
245 ## - TITLE STATEMENT
Title Eminent Thinkers in India and Pakistan
260 ## - PUBLICATION, DISTRIBUTION, ETC. (IMPRINT)
Place of publication New Delhi
Name of publisher Lancers Book
Year of publication 1991
300 ## - PHYSICAL DESCRIPTION
Number of Pages 110p
500 ## - GENERAL NOTE
General note includes index and biblioraphy
505 2# - FORMATTED CONTENTS NOTE
Formatted contents note Index
650 ## - SUBJECT ADDED ENTRY--TOPICAL TERM
Topical Term Politics-Ideologies-Indian
942 ## - ADDED ENTRY ELEMENTS (KOHA)
Koha item type Books
700 1# -
-- Barua, B P
Holdings
Collection code Home library Current library Date acquired Cost, normal purchase price Full call number Accession Number Koha item type
  Henry Martyn Institute Library Henry Martyn Institute Library 04/05/2007 125.00 320.5 BAR 014166 Books
                   Copyright © 2026 | Henry Martyn Institute | Hyderabad | TS-500052 | INDIA | Implemented by hmi.edu.in
Hit-Count:

Powered by Koha